00853nam a2200253 a 450000100060000000300080000600500170001400800410003103500190007204000320009104100080012308200250013110000350015624500700019125000120026126000290027330000260030250000180032865000370034683000460038394200120042999900170044195201410045849748BD-RjUL20211209054725.0160822s1945 enk 001 0 eng d a(BD-RjUL)49868 aDLCcVA@dEQOdBD-RjULbeng aeng 223a373.42bDAB 19451 aDavies, Harold,d1904-914913414aThe boys' grammar school :bto-day and to-morrow /cby H. Davies. a2nd ed. aLondon :bMethuen,c1945 aix, 141 p. ;c19 cm.  aInclude index 0aEducationzGreat Britain9149135 0aContributions to modern education9149136 2ddccBK c49748d49748 00102ddc40708NFICaRUCLbRUCLcStackd1955-09-07eB.H.Blackwellg65.00l0o373.42 DAB 1945r2016-08-22 00:00:00tC-2w2016-08-22yBK